I si no vols sorpreses : protegeix-te!!!
Descripción Física:
1 targeta postal : il·lustracions ; 15 x 10 cm
Idioma:
Catalán
MARC
| LEADER | 00000nkm a2200000 a 4500 | ||
|---|---|---|---|
| 001 | 25668 | ||
| 008 | 220526b spa||||| |||| 00| 0 cat d | ||
| 017 | |a B 4617-2016 | ||
| 017 | |a B 27871-2014 | ||
| 080 | |a NBM-13-171 | ||
| 245 | |a I si no vols sorpreses : protegeix-te!!! | ||
| 260 | |a Barcelona : |b Diputació de Barcelona, |c 2014-2016 | ||
| 300 | |a 1 targeta postal : |b il·lustracions ; |c 15 x 10 cm | ||
| 650 | 0 | |9 53107 |a Condons |2 Arxiu | |
| 650 | 0 | |9 19822 |a Malalties de transmissió sexual |x Prevenció | |
| 655 | 0 | |a Targetes postals |9 52685 | |
| 710 | 1 | |a Barcelona (Catalunya : Província). |b Diputació |9 52408 | |
| 942 | |2 udc |n 1 |c ARXIU | ||
| 952 | |0 0 |1 0 |4 0 |6 NBM13171 |7 1 |9 62060 |a Arxiu |b Arxiu |d 2022-05-26 |l 0 |o NBM-13-171 |p 25668 |r 2022-05-26 00:00:00 |w 2022-05-26 |y ARXIU | ||
| 952 | |0 0 |1 0 |2 udc |4 0 |6 NBM1660 |7 1 |9 64880 |a Arxiu |b Arxiu |d 2022-12-21 |l 0 |o NBM-16-60 |p 27139 |r 2022-12-21 00:00:00 |w 2022-12-21 |y ARXIU | ||
| 999 | |c 81776 |d 81776 | ||